| 000 | 01190nam0a22002771 4500 | ||
|---|---|---|---|
| 001 | rc\2638355 | ||
| 005 | 20250529185148.0 | ||
| 035 | _a(NLR Aleph) 006946474 | ||
| 090 |
_a5204113 _c5204113 |
||
| 100 | _a20110602d1932 |||y0rusy50 ca | ||
| 101 | 0 | _arus | |
| 102 | _aRU | ||
| 105 | _aa z ||||| | ||
| 200 | 1 |
_aАнализ газов _eСборник статей по исследованиям природных газов _fПод ред. Г.А. Саркисянца, В.А. Соколова, А.М. Будагова, И.С. Полякова _gС пред. акад. И.М. Губкина _gМоск. нефт. ин-т им. акад. И. М. Губкина |
|
| 210 |
_a[Москва] _cГос. науч.-техн. нефт. изд-во _d1932 _g16 тип. треста "Полиграфкнига" |
||
| 215 |
_aОбл., 64 с. _cил. _d23×16 см |
||
| 702 | 1 |
_aСаркисянц _bГ.А. _4340 |
|
| 702 | 1 |
_aСоколов _bВ.А. _4340 |
|
| 702 | 1 |
_aБудагов _bА.М. _4340 |
|
| 702 | 1 |
_aПоляков _bИ.С. _4340 |
|
| 702 | 1 |
_aГубкин _bИ.М. _4080 |
|
| 801 | 0 |
_aRU _bNLR _gpsbo |
|
| 801 | 1 |
_aRU _bELAR _2rusmarc |
|
| 852 |
_aNLR _j32-11/2128 |
||
| 942 | _cBOOK | ||
| 980 | _aNB | ||